No es suicidio, es genocidio y ecodicio /

Guardado en:
Bibliografiske detaljer
Hovedforfatter: Galeano, Eduardo
Format: Texto
Fag:
Tags: Tilføj Tag
Ingen Tags, Vær først til at tagge denne postø!

MARC

LEADER 00000 a a2200000 04500
001 11039
003
040
100 |a Galeano, Eduardo  
245 |a No es suicidio, es genocidio y ecodicio /  |c Eduardo Galeano 
650 |a DETERIORO AMBIENTAL  
650 |a CONSUMO  
773 |g volumen 6, número 17; páginas 15-19  
999 |c 36689  |d 36689